000 00281nam a22001217a 4500
020 _a0-13-948126-5
082 _a423.1 LAI'W
100 _aLAIRD, CHARLTON
_967354
245 _aWEBSTERS NEW WORLD THESAURUS
260 _aNEWYORK
_bWEBSTER
_c1985
300 _aIX,854P
942 _cBK
999 _c575155
_d575155